The ultimate Nigerian cookbook (Record no. 3920)

MARC details
000 -LEADER
fixed length control field 00395nam a22001577a 4500
008 - FIXED-LENGTH DATA ELEMENTS--GENERAL INFORMATION
fixed length control field 250620b |||||||| |||| 00| 0 eng d
020 ## - INTERNATIONAL STANDARD BOOK NUMBER
ISBN 9789789710553
100 ## - MAIN ENTRY--AUTHOR
Author Anegbu Chy
245 ## - TITLE STATEMENT
Title The ultimate Nigerian cookbook
250 ## - EDITION STATEMENT
Edition statement 7th
260 ## - PUBLICATION, DISTRIBUTION, ETC. (IMPRINT)
Place of publication Abuja NG
Name of publisher Chidiebere Anegbu
Date of publication 2020
300 ## - COLLATION
Pagination 192p.
Other physical details Ill
650 ## - TRACINGS
Main Subject Cookbooks
Subdivision (1st) Cooking
942 ## - ADDED ENTRY ELEMENTS (KOHA)
Item type Books
050 ## - LIBRARY OF CONGRESS CALL NUMBER
Classification number TX716
Item number . A54
Holdings
Source of classification or shelving scheme Not for loan Permanent location Current location Date acquired Accession No. Full call number Barcode. Koha item type
Library of Congress Classification   Engineering Library Engineering Library 06/20/2025 2025/64396 TX716.A54 2025-2609 Books